000 00461nam a22001577a 4500
005 20241021105231.0
008 241021b |||||||| |||| 00| 0 eng d
040 _cPK-LaUMT
082 _a891.4393
_bSAA-B
100 _aSaadat Nasreen = سعادت نسرین
_92866
245 _aBund kawar = بند کواڑ/
_cby Saadat Nasreen = سعادت نسرین
260 _aKarachi :
_bWelcome Book Port,
_c2007
300 _a269 p.
546 _aUrdu
942 _cBK
999 _c135579
_d135579